000
00418nam a2200133Ia 4500
008
100328s9999 xx 000 0 und d
082
_b
73503
100
_a
मराठे ह.मो.
245
_a
प्रास्ताविक.
260
_b
विभासा पुस्तक महाल.
630
_a
प्रास्ताविक.
730
_a
प्रास्ताविक.
942
_c
BOOK
999
_c
559224
_d
559221